000
00324nam a22001217a 4500
008
190315b xxu||||| |||| 00| 0 eng d
041
_a
eng
080
_a
043.3
100
_a
0
101
_a
SHJ-BA
245
_a
Masat dhe dënimet e zbatueshme të së drejtës penale në Republikën e Kosovës
_c
Qorri,F
942
_2
udc
_c
BK
999
_c
54849
_d
54849